000 01263cam a2200325 a 4500
001 14810048
003 OSt
005 20230703151518.0
008 070416s2003 io f000 0 eng
010 _a 2006327336
040 _aDLC
_cDLC
041 1 _aeng
_hind
042 _alcode
043 _aa-io---
082 _a342.45
_bROI
110 1 _aIndonesia.
240 1 0 _aUndang-Undang Dasar (1945).
_lEnglish
245 1 4 _aThe 1945 Constitution of the Republic of Indonesia ;
_band, The Act number 24 of 2003 on the Constitutional Court of the Republic of Indonesia.
260 _a[Jakarta] :
_bConstitutional Court of the Republic of Indonesia, Secretariat General,
_c2003.
300 _a200 p. ;
_c15 cm.
650 0 _aConstitutions
_zIndonesia.
650 0 _aConstitutional law
_zIndonesia.
650 0 _aConstitutional courts
_zIndonesia.
710 1 _aIndonesia.
_bMahkamah Konstitusi.
_bSekretariat Jenderal dan Kepaniteraan.
710 1 2 _aIndonesia.
_tUndang-Undang Tentang Mahkamah Konstitusi.
_lEnglish.
_f2003.
740 0 2 _aAct number 24 of 2003 on the Constitutional Court of the Republic of Indonesia.
906 _a7
_bcbc
_corigode
_d2
_encip
_f20
_gy-gencatlg
942 _2ddc
_cBK
999 _c3395
_d3395